MARC details
| 000 -LEADER |
| fixed length control field |
00761cab a2200169 4500 |
| 001 - CONTROL NUMBER |
| control field |
##L131170 |
| 008 - FIXED-LENGTH DATA ELEMENTS--GENERAL INFORMATION |
| fixed length control field |
050912n2005 000 0 eng u |
| 035 ## - SYSTEM CONTROL NUMBER |
| System control number |
(Sirsi) u131170 |
| 041 0# - LANGUAGE CODE |
| Language code of text/sound track or separate title |
eng |
| 245 00 - TITLE STATEMENT |
| Title |
Databank |
| 260 ## - PUBLICATION, DISTRIBUTION, ETC. |
| Date of publication, distribution, etc. |
2005 |
| 490 #0 - SERIES STATEMENT |
| Series statement |
Property Week |
| Volume/sequential designation |
70(39) 30 September 2005, 25(1) |
| 520 ## - SUMMARY, ETC. |
| Summary, etc. |
Databank containing figures from IPD for the all-property total return for August 2005. Also contains figures for equities and gilts for the same period. IPD report that industrial property is the top performing sector for 2005, at 10.9%, for the year to date, with offices and retail achieving 10% for the same period. |
| 590 ## - LOCAL NOTE (RLIN) |
| Local note |
IKA111005 |
| 690 ## - LOCAL SUBJECT ADDED ENTRY--TOPICAL TERM (OCLC, RLIN) |
| Topical term or geographic name as entry element |
PROPERTY-COMMERCIAL PROPERTY-COMMERCIAL PROPERTY FINANCE AND INVESTMENT |
| 942 ## - ADDED ENTRY ELEMENTS (KOHA) |
| Suppress in OPAC |
0 |